00290pab a2200121 454500008004000000100002000040245003900060260000900099300001100108362000900119650002000128773002000148180718b1987 xxu||||| |||| 00| 0 eng d aNagarajan, N.V. aA case for rural industrialisation c1987 a388-90 aJune aIndustry, Rural aKhadi Gramodyog